000 00301nam a22001097a 4500
008 170123b xxu||||| |||| 00| 0 eng d
020 _a9781582555072
041 _aeng
080 _24TH
_a618.2
245 _aSPRINGHOUSE REVIEW FOR MEDICAL-SURGICAL NURSING CERTIFICATION
_cSCHILLING, J.A
942 _2udc
_cBK
999 _c3396
_d3396